One Night @ The Call Center / (Record no. 31788)

000 -LEADER
fixed length control field 00450nam a2200169Ia 4500
003 - CONTROL NUMBER IDENTIFIER
control field OSt
005 - DATE AND TIME OF LATEST TRANSACTION
control field 20260101164152.0
008 - FIXED-LENGTH DATA ELEMENTS--GENERAL INFORMATION
fixed length control field 250310s9999||||xx |||||||||||||| ||und||
040 ## - CATALOGING SOURCE
Language of cataloging eng
Transcribing agency IMU-KC
082 ## - DEWEY DECIMAL CLASSIFICATION NUMBER
Classification number 823
Item number B5751
100 ## - MAIN ENTRY--PERSONAL NAME
9 (RLIN) 6427
Personal name Bhagat,Chetan
245 #0 - TITLE STATEMENT
Title One Night @ The Call Center /
Statement of responsibility, etc. By Chetan Bhagat.
260 ## - PUBLICATION, DISTRIBUTION, ETC.
Place of publication, distribution, etc. New Delhi :
Name of publisher, distributor, etc. Rupa Publication,
Date of publication, distribution, etc. c 2005.
300 ## - PHYSICAL DESCRIPTION
Extent 257 p.
650 #0 - SUBJECT ADDED ENTRY--TOPICAL TERM
9 (RLIN) 4807
Topical term or geographic name entry element English Fiction
942 ## - ADDED ENTRY ELEMENTS (KOHA)
Koha item type Books
Source of classification or shelving scheme
Holdings
Withdrawn status Lost status Source of classification or shelving scheme Damaged status Not for loan Permanent Location Current Location Date acquired Full call number Barcode Date last seen Price effective from Koha item type
          IMU Kolkata IMU Kolkata 2025-03-10 823 B5751 F02816 2025-03-10 2025-03-10 Books
Designed and Maintained by IMU-KC Library, Kolkata Campus © Copyright All Rights Reserved

webs counters

Powered by Koha